Políticas de protección ambiental en el siglo XXI: medidas tributarias, contaminación ambiental y empresa
Salvato in:
| Autori principali: | , |
|---|---|
| Natura: | Libro |
| Lingua: | spagnolo |
| Pubblicazione: |
Barcelona
Bosch Editor
2013
|
| Edizione: | 1a. ed |
| Serie: | Colección de Fiscalidad
|
| Soggetti: | |
| Tags: |
Aggiungi Tag
Nessun Tag, puoi essere il primo ad aggiungerne!!
|
MARC
| LEADER | 00000cam a2200000 a 4500 | ||
|---|---|---|---|
| 001 | UCD7674 | ||
| 003 | CL-VaPUC | ||
| 008 | 170331e20130000sp |||||||||||||||||spa|d | ||
| 020 | |a 9788494093357 | ||
| 082 | 0 | 4 | |a 344.046 |b URQ |2 21 |
| 100 | 0 | |a Urquizu Cavallé, Angel |e author |9 591688 | |
| 700 | 0 | |a Salassa Boix, Rodolfo R |e author |9 591689 | |
| 245 | 1 | 0 | |a Políticas de protección ambiental en el siglo XXI: medidas tributarias, contaminación ambiental y empresa |
| 250 | |a 1a. ed | ||
| 300 | |a 541 p | ||
| 942 | |c BK | ||
| 945 | |d 20170331 00:58:00 |a arojas | ||
| 260 | |a Barcelona |b Bosch Editor |c 2013 | ||
| 650 | 0 | |a Derecho ambiental |9 257835 | |
| 650 | 7 | |a POLITICAS DEL MEDIO AMBIENTE |2 CL-VaPUC |9 542979 | |
| 650 | 0 | |a Contaminación ambiental |9 314181 | |
| 650 | 0 | |a Protección ambiental |9 494361 | |
| 583 | |a last modification |c 20170331 00:58:00 |k Rodrigo Vera | ||
| 490 | 0 | |a Colección de Fiscalidad | |
| 999 | |c 367641 |d 367639 | ||
| 952 | |0 0 |1 0 |3 erb |4 0 |6 344_046000000000000_URQ_2013 |7 0 |8 A |9 482641 |a BIBDER |b BIBDER |i 5370612 |o 344.046 URQ 2013 |p 5370612 |r 2023-01-25 |w 2019-11-24 |y BK |z Catalogado en:20170331 |k DER | ||